Pattern cutting for women's tailored jackets : (Record no. 15043)
[ view plain ]
| 000 -LEADER | |
|---|---|
| fixed length control field | 00623nam a22001817a 4500 |
| 008 - FIXED-LENGTH DATA ELEMENTS--GENERAL INFORMATION | |
| fixed length control field | 161019b xxu||||| |||| 00| 0 eng d |
| 020 ## - INTERNATIONAL STANDARD BOOK NUMBER | |
| International Standard Book Number | 97806325054671 |
| 050 ## - LIBRARY OF CONGRESS CALL NUMBER | |
| Classification number | TT 535 .A43 2001 |
| 100 ## - MAIN ENTRY--PERSONAL NAME | |
| Personal name | Aldrich, Winifred. |
| 245 ## - TITLE STATEMENT | |
| Title | Pattern cutting for women's tailored jackets : |
| Remainder of title | classic and contemporary/ |
| Statement of responsibility, etc. | Winifred Aldrich. |
| 260 ## - PUBLICATION, DISTRIBUTION, ETC. (IMPRINT) | |
| Place of publication, distribution, etc. | London : |
| Name of publisher, distributor, etc. | blackwell Science, |
| Date of publication, distribution, etc. | 2001. |
| 300 ## - PHYSICAL DESCRIPTION | |
| Extent | 120p. : |
| Other physical details | ill. ; |
| Dimensions | 25cm |
| 500 ## - GENERAL NOTE | |
| General note | Include bibliography. |
| 650 ## - SUBJECT ADDED ENTRY--TOPICAL TERM | |
| Topical term or geographic name as entry element | Jackets. |
| 650 ## - SUBJECT ADDED ENTRY--TOPICAL TERM | |
| Topical term or geographic name as entry element | Dressmaking |
| General subdivision | pattern design. |
| 650 ## - SUBJECT ADDED ENTRY--TOPICAL TERM | |
| Topical term or geographic name as entry element | Tailoring (women's). |
| 942 ## - ADDED ENTRY ELEMENTS (KOHA) | |
| Source of classification or shelving scheme | |
| Koha item type | Short Loan Books |
| Classification part | TT 535 .A43 2001 |
| Koha issues (borrowed), all copies | 20 |
| Withdrawn status | Lost status | Source of classification or shelving scheme | Damaged status | Not for loan | Home library | Current library | Shelving location | Date acquired | Source of acquisition | Cost, normal purchase price | Total Checkouts | Full call number | Barcode | Date last seen | Date last checked out | Price effective from | Koha item type |
|---|---|---|---|---|---|---|---|---|---|---|---|---|---|---|---|---|---|
| MACHAKOS UNIVERSITY LIBRARY | MACHAKOS UNIVERSITY LIBRARY | Open shelf | 19/10/2016 | Purchase | 2990.00 | 9 | TT 535 .A43 2001 | 27010 | 24/11/2022 | 24/11/2022 | 19/10/2016 | Hard Covered Materials | |||||
| MACHAKOS UNIVERSITY LIBRARY | MACHAKOS UNIVERSITY LIBRARY | Open shelf | 19/10/2016 | Purchase | 2990.00 | 6 | TT 535 .A43 2001 | 27009 | 17/10/2018 | 17/10/2018 | 19/10/2016 | Hard Covered Materials | |||||
| Damaged | MACHAKOS UNIVERSITY LIBRARY | MACHAKOS UNIVERSITY LIBRARY | Technical section | 19/10/2016 | Purchase | 2990.00 | 5 | TT 535 .A43 2001 | 27007 | 29/01/2020 | 29/01/2020 | 19/10/2016 | Hard Covered Materials | ||||
| MACHAKOS UNIVERSITY LIBRARY | MACHAKOS UNIVERSITY LIBRARY | Short Loan | 19/10/2016 | Purchase | 2990.00 | 7 | TT 535 .A43 2001 | 27011 | 04/02/2020 | 28/01/2020 | 19/10/2016 | Hard Covered Materials |